Thi pháp ca dao

NV028 Văn học dân gian Việt Nam; NV089 Thi pháp văn học dân gian

Uloženo v:
Podrobná bibliografie
Hlavní autor: Nguyễn, Xuân Kính
Médium: Kniha
Jazyk:Undetermined
Vydáno: H. ĐHQGHN 2007
Témata:
On-line přístup:http://lrc.tdmu.edu.vn/opac/search/detail.asp?aID=2&ID=7135
Tagy: Přidat tag
Žádné tagy, Buďte první, kdo otaguje tento záznam!
Thư viện lưu trữ: Trung tâm Học liệu Trường Đại học Thủ Dầu Một
LEADER 00666nam a2200205Ia 4500
001 TDMU_7135
008 210410s9999 xx 000 0 und d
082 |a 808.1 
090 |b NG527 
100 |a Nguyễn, Xuân Kính 
245 0 |a Thi pháp ca dao 
245 0 |c Nguyễn Xuân Kính 
260 |a H. 
260 |b ĐHQGHN 
260 |c 2007 
300 |a 458tr 
520 |a NV028 Văn học dân gian Việt Nam; NV089 Thi pháp văn học dân gian 
650 |a Thi pháp; Ca dao; Niêm luật 
856 |u http://lrc.tdmu.edu.vn/opac/search/detail.asp?aID=2&ID=7135 
980 |a Trung tâm Học liệu Trường Đại học Thủ Dầu Một